| 000 | 00355nam a2200145Ia 4500 | ||
|---|---|---|---|
| 100 | _aAho/Alfred/ Ullman/ J.D. | ||
| 650 | _aComputers | ||
| 942 | _cBK | ||
| 654 | _acompilers | ||
| 245 | _aCompilers:Principles and techniques and tools | ||
| 260 |
_bPearson Education _aMumbai _c2005 |
||
| 082 |
_a005.453/AHO _bAHO |
||
| 300 | _a780 | ||
| 546 | _aENGLISH | ||
| 999 |
_c30586 _d30586 |
||